00217nam a2200097Ia 4500008004100000041000800041082001400049100001600063245003100079260000900110240625s9999 xx 000 0 und d aeng a332.1 BES aBEST PHILIP aIMPLEMENTING VALUE AT RISK c1999